Finish the Lyrics - 60's Songs - Statistics

General Stats
  • This quiz has been taken 173 times
  • The average score is 6 of 20
Answer Stats
Hint Answer % Correct
HIT THE ROAD JACK by Ray Charles:Old woman, old woman, don't treat me so mean You're the _______ old woman that I've ever seen meanest
64%
HEY JUDE by The Beatles:And anytime you feel the pain, hey Jude, refrain, Don't carry the world upon your shoulders. For well you know that it's a fool who plays it cool By making his world a little ______. colder
58%
THE LION SLEEPS TONIGHT by the Tokens:In the jungle, the mighty jungle The lion sleeps tonight In the jungle the _____ jungle The lion sleeps tonight quiet
54%
HAPPY TOGETHER by The Turtles:Me and you, and you and me No matter how they toss the ____, it had to be The only one for me is you, and you for me So happy together dice
52%
THE SOUND OF SILENCE by Simon & Garfunkel:In restless dreams I walked alone Narrow streets of ___________ 'Neath the halo of a street lamp I turned my collar to the cold and damp cobblestone
42%
A HARD DAY’S NIGHT by The Beatles:You know I work all day
To get you money to buy you things And it's worth it just to hear you say You're gonna give me __________
everything
42%
SOLDIER BOY by The Shirelles:I love you so. I'll be true to you. Take my ____ with you To any port or foreign shore. love
38%
PAINT IT, BLACK by The Rolling Stones:No more will my green sea Go turn a deeper blue I could not _______ this thing Happening to you foresee
35%
PUFF, THE MAGIC DRAGON by Peter, Paul & Mary:Oh, Puff, the magic dragon lived by the sea And _________ in the autumn mist, in a land called Honah Lee frolicked
32%
BUILD ME UP BUTTERCUP by The Foundations:To you, I'm a toy, but I could be the boy you _____ If you'd just let me know (Ba-dah-dah) Although you're untrue, I'm attracted to you all the more Why do I need you so? (Hey, hey, hey) adore
24%
LIGHT MY FIRE by The Doors:The time to ________ is through No time to wallow in the mire Try now we can only lose And our love become a funeral pyre hesitate
24%
BAD MOON RISING by Creedence Clearwater Revival:I hear __________ a-blowin'
I know the end is comin' soon I fear rivers over flowin' I hear the voice of rage and ruin
hurricanes
24%
SURFIN’ U.S.A. by The Beach Boys:Then everybody'd be surfin' Like Californi-a You'd seem 'em wearing their baggies Huarachi _______ too sandals
24%
EL PASO by Marty Robbins:Could from the West Texas town of El Paso Out to the badlands of ___ ______ New Mexico
20%
JUDY IN DISGUISE (WITH GLASSES) by John Fred & His Playboy Band:Judy in disguise, well that's what you are
A ________ pie with your brand new car Cantaloupe eyes come to me tonight Judy in disguise, with glasses
lemonade
11%
NORTH OF ALASKA by Johnny Horton:Where the river is windin', big _______ they're findin' North to Alaska, we go north, the rush is on nuggets
11%
EVERYBODY LOVES SOMEBODY by Dean Martin:Everybody finds somebody someplace There's no telling where love may ______ Something in my heart keeps saying My someplace is here appear
10%
ONLY THE LONELY by Roy Orbison: Only the lonely
Know the ________ I've been through Only the lonely Know I cry and cry for you
heartaches
8%
HELP ME, RHONDA by The Beach Boys:Well, Rhonda you caught my eye (caught my eye) And I can give you _____ reasons why You gotta help me Rhonda Help me get her out of my heart lotsa
7%
MR. LONELY by Bobby Vinton:Now I'm a soldier, a lonely soldier Away from home _______ no wish of my own That's why I'm lonely, I'm Mr. Lonely I wish that I could go back home through
6%
No matching quizzes found
Score Distribution
Percent of People with Each Score
Percentile by Number Answered
Your Score History
You have not taken this quiz